| 000 | 00508nam a22001577a 4500 | ||
|---|---|---|---|
| 020 | _a9781264269983 | ||
| 082 |
_a618.92 _bCUR |
||
| 245 |
_aCurrent Diagnosis & Treatment : Pediatrics / _cEdited by Maya Bunik; William W. Hay; Myron J. Levin; Mark J. Abzug |
||
| 250 | _a26th Edition. | ||
| 260 |
_aNew York : _bMcGraw-Hill Education, _c2022. |
||
| 300 |
_a1473 p. ; _bill, _c23 cm. |
||
| 563 | _aPBK. | ||
| 650 |
_aPediatrics _9113391 |
||
| 650 |
_aChildren--Diseases--Diagnosis _9113405 |
||
| 942 |
_2ddc _cBK |
||
| 999 |
_c595172 _d595172 |
||